000 00752cam a22001935a 4500
001 L152413
008 110203e20111126xxk 000 0 eng d
035 _a(Sirsi) u152413
041 0 _aeng
100 1 _aFordham, Peter
245 0 0 _aCost update
260 _c2011
490 _aBuilding
_v276 (8667) 25 February 2011, 54-56(3)
520 _aQuarterly analysis of construction costs and prices based on Davis Langdon's quarterly Market Forecast; looks at key changes; price adjustment formulae for construction contracts; materials, executive summary, key indicators and construction industry; labour, summary, wage agreements.
590 _aKA
651 4 _aUnited Kingdom
_y
690 _aBUILT ENVIRONMENT-CONSTRUCTION MARKET
942 _n0
999 _c82958
_d82958